ICU OHS INTENSIVE CARE MANUAL (Record no. 14817)

MARC details
000 -LEADER
fixed length control field 00275nam a22001217a 4500
003 - CONTROL NUMBER IDENTIFIER
control field SGT
082 ## - DEWEY DECIMAL CLASSIFICATION NUMBER
Classification number 616.024
Item number I14B
100 ## - MAIN ENTRY--PERSONAL NAME
Personal name BERSTEN, ANDREW D.
245 ## - TITLE STATEMENT
Title ICU OHS INTENSIVE CARE MANUAL
260 ## - PUBLICATION, DISTRIBUTION, ETC. (IMPRINT)
Place of publication, distribution, etc INDIA
Name of publisher, distributor, etc BUTTERWORTH
Year of Publication 2014
300 ## - PAGE DESCRIPTION
No. of Pages 1242
942 ## - ADDED ENTRY ELEMENTS (KOHA)
Source of classification or shelving scheme Dewey Decimal Classification
Koha item type Books
942 ## - ADDED ENTRY ELEMENTS (KOHA)
-- 1
Holdings
Withdrawn status Lost status Source of classification or shelving scheme Damaged status Not for loan Collection code Home library Current library Shelving location Date acquired Vendor Name SGTU Total Checkouts Full call number Accession No. (Barcode) Date last seen Date last borrowed Bill Date Koha item type
    Dewey Decimal Classification     MEDICAL SGT Medical Library SGT Medical Library Reference Book 29/01/2018 ABC SGTU 1 616.024 I14B FM9661 03/11/2025 03/11/2025 29/01/2018 Books
    Dewey Decimal Classification     MEDICAL SGT Medical Library SGT Medical Library Reference Book 29/01/2018 ABC SGTU 1 616.024 I14B FM9662 13/12/2024 30/11/2024 29/01/2018 Books